[Event "Chess.com Classic Play In"]
[Site "Chess.com INT"]
[Date "2025.05.19"]
[Round "9"]
[White "Andreikin, Dmitry"]
[Black "Kantor, Gergely"]
[Result "1-0"]
[WhiteElo "2695"]
[BlackElo "2581"]
[PlyCount "89"]
[EventDate "2025.05.19"]
[EventType "swiss (blitz)"]
[EventRounds "9"]
[EventCountry "USA"]
[SourceTitle "CB21_2025"]
[SourceDate "2025.05.21"]
[SourceVersion "1"]
[SourceVersionDate "2025.05.21"]
[SourceQuality "1"]

1. c4 e5 2. d3 Nf6 3. Nf3 Nc6 4. a3 d5 5. cxd5 Nxd5 6. g3 f6 7. Bg2 Be6 8. b4 a6 9. Bb2 Qd7 10. h4 Bd6 11. Nbd2 0-0 12. Ne4 Kh8 13. h5 f5 14. Nc5 Qe7 15. h6 g6 16. Nxb7 Rab8 17. Nxd6 cxd6 18. Rc1 Rb6 19. Qd2 Kg8 20. e4 fxe4 21. dxe4 Nf6 22. Ng5 a5 23. b5 Nd8 24. a4 Bb3 25. Qe3 Bxa4 26. Qxb6 Ng4 27. Nh3 Ne6 28. Ba3 Qf7 29. Qxd6 Re8 30. 0-0 Bxb5 31. Rfe1 Nd4 32. Qd5 Re6 33. Rc8+ Be8 34. f3 Nf6 35. Ng5 Qa7 36. Qc5 Qxc5 37. Bxc5 Rc6 38. Rxc6 Nxc6 39. Bh3 Bd7 40. Bf1 Be8 41. Bc4+ Kh8 42. Bf8 Nh5 43. g4 Nd4 44. gxh5 Nxf3+ 45. Kh1 1-0

[Event "Chess.com Classic Play In"]
[Site "Chess.com INT"]
[Date "2025.05.19"]
[Round "4"]
[White "Narayanan, Srinath"]
[Black "Andreikin, Dmitry"]
[Result "0-1"]
[WhiteElo "2516"]
[BlackElo "2695"]
[PlyCount "148"]
[EventDate "2025.05.19"]
[EventType "swiss (blitz)"]
[EventRounds "9"]
[EventCountry "USA"]
[SourceTitle "CB21_2025"]
[SourceDate "2025.05.21"]
[SourceVersion "1"]
[SourceVersionDate "2025.05.21"]
[SourceQuality "1"]

1. Nf3 d5 2. e3 Nf6 3. c4 c6 4. Nc3 a6 5. b3 Bf5 6. Bb2 Nbd7 7. d4 e6 8. Bd3 Bb4 9. Bxf5 exf5 10. 0-0 0-0 11. Ne2 Ne4 12. cxd5 cxd5 13. Nf4 Ndf6 14. Nd3 Bd6 15. Qe2 Rc8 16. Rfc1 Qa5 17. Qe1 Rxc1 18. Bxc1 Qxe1+ 19. Ndxe1 Rc8 20. Nd3 Nd7 21. Bb2 f6 22. Rc1 Rxc1+ 23. Bxc1 Nc3 24. a4 Kf7 25. Kf1 g5 26. g3 Nb8 27. Bd2 Ne4 28. Bb4 Bc7 29. Be1 Nc6 30. Ng1 g4 31. Ne2 a5 32. Nef4 Ne7 33. Ke2 Ng5 34. b4 b6 35. bxa5 bxa5 36. Bc3 Ne6 37. Nxe6 Kxe6 38. f3 h5 39. Nc5+ Kf7 40. Kf2 Nc6 41. Kg2 Bd6 42. Nb3 Bc7 43. h3 Ke7 44. Nc5 Bd6 45. Nd3 Bb4 46. Bb2 Bd6 47. Nf2 gxf3+ 48. Kxf3 Nb4 49. Bc3 Kd7 50. Bd2 Ke6 51. Be1 Kd7 52. Nd1 Nc6 53. Nb2 Bb4 54. Ke2 Bxe1 55. Kxe1 Nb4 56. Kd2 Ke6 57. Nd1 Nc6 58. h4 f4 59. gxf4 Ne7 60. Nf2 Nf5 61. Nd3 Nxh4 62. Nc5+ Kf5 63. Ke2 Kg4 64. Nd7 Kf5 65. Nb8 Ke4 66. Nc6 Nf5 67. Nxa5 Nxe3 68. Nb3 h4 69. Kf2 Kxf4 70. Nd2 h3 71. Nf1 Nxf1 72. Kxf1 Kg3 73. Kg1 h2+ 74. Kh1 f5 0-1

[Event "Chessable Masters Play In"]
[Site "Chess.com INT"]
[Date "2025.02.17"]
[Round "5"]
[White "Andreikin, Dmitry"]
[Black "Rustemov, Alexander"]
[Result "1-0"]
[WhiteElo "2695"]
[BlackElo "2525"]
[PlyCount "77"]
[EventDate "2025.02.17"]
[EventType "swiss (blitz)"]
[EventRounds "9"]
[EventCountry "USA"]
[SourceTitle "CB08_2025"]
[SourceDate "2025.02.19"]
[SourceVersion "1"]
[SourceVersionDate "2025.02.19"]
[SourceQuality "1"]

1. d4 d5 2. c4 c6 3. Nf3 Nf6 4. Qc2 dxc4 5. e4 b5 6. b3 cxb3 7. axb3 e6 8. Bd3 a5 9. 0-0 Bb7 10. Bd2 Be7 11. Rc1 h6 12. Nc3 Na6 13. e5 Nb4 14. exf6 Nxc2 15. fxe7 Qxe7 16. Rxc2 0-0 17. Ne4 c5 18. dxc5 Rfd8 19. Nd6 Bxf3 20. gxf3 a4 21. Rca2 Rxd6 22. cxd6 Qxd6 23. Bxb5 Qd5 24. bxa4 Qxf3 25. Bf1 Rd8 26. Bg2 Qe2 27. Be1 Qg4 28. h3 Qg6 29. a5 Rd5 30. a6 Rg5 31. f4 Rxg2+ 32. Rxg2 Qd3 33. Bf2 Qc3 34. Re1 Qxh3 35. a7 Qf3 36. Rg3 Qd5 37. Ra3 Qa8 38. Rb3 Kh7 39. Rb8 1-0

[Event "Chessable Masters Play In"]
[Site "Chess.com INT"]
[Date "2025.02.17"]
[Round "9"]
[White "Duda, Jan Krzysztof"]
[Black "Andreikin, Dmitry"]
[Result "0-1"]
[WhiteElo "2739"]
[BlackElo "2695"]
[PlyCount "66"]
[EventDate "2025.02.17"]
[EventType "swiss (blitz)"]
[EventRounds "9"]
[EventCountry "USA"]
[SourceTitle "CB08_2025"]
[SourceDate "2025.02.19"]
[SourceVersion "1"]
[SourceVersionDate "2025.02.19"]
[SourceQuality "1"]

1. d4 Nf6 2. c4 e6 3. Nf3 d5 4. g3 Bb4+ 5. Bd2 Be7 6. Bg2 0-0 7. Qc2 Nbd7 8. h4 c5 9. cxd5 Nxd5 10. Ng5 N5f6 11. dxc5 Nxc5 12. Bc3 Ncd7 13. Nd2 h6 14. Rd1 Qc7 15. Qb1 e5 16. Nde4 Nxe4 17. Bxe4 Nf6 18. Bd5 Bg4 19. Qg6 Bh5 20. Qf5 Bg4 21. Qb1 Rad8 22. Kf1 Rxd5 23. Rxd5 Qc6 24. e4 Nxd5 25. exd5 Qc4+ 26. Kg1 hxg5 27. hxg5 e4 28. d6 Bxg5 29. f4 Qc5+ 30. Kf1 Qc4+ 31. Kg1 Bd8 32. Qe1 Bb6+ 33. Kh2 Qd5 0-1

[Event "Titled Tuesday intern op 11th Feb Early"]
[Site "Chess.com INT"]
[Date "2025.02.11"]
[Round "7"]
[White "Andreikin, Dmitry"]
[Black "Lobanov, Sergei"]
[Result "1-0"]
[WhiteElo "2695"]
[BlackElo "2508"]
[PlyCount "53"]
[EventDate "2025.02.11"]
[EventType "swiss (blitz)"]
[EventRounds "11"]
[EventCountry "USA"]
[SourceTitle "CB08_2025"]
[SourceDate "2025.02.19"]
[SourceVersion "1"]
[SourceVersionDate "2025.02.19"]
[SourceQuality "1"]

1. d4 Nf6 2. Nf3 d5 3. c4 e6 4. Bg5 Be7 5. e3 0-0 6. Qc2 Nbd7 7. Nc3 c6 8. Rc1 h6 9. Bh4 b6 10. cxd5 exd5 11. Bd3 Bb7 12. 0-0 c5 13. Bf5 Ne4 14. Nxe4 Bxh4 15. Nd6 Ba6 16. Rfd1 Be7 17. Qa4 Be2 18. Nb7 Bxd1 19. Rxd1 Qc7 20. Qxd7 Rfc8 21. Qxd5 Rcb8 22. Be4 cxd4 23. Nxd4 Rf8 24. Nb5 Qc8 25. N7d6 Bxd6 26. Nxd6 Qd7 27. Nxf7 1-0

[Event "Titled Tuesday intern op 11th Feb Early"]
[Site "Chess.com INT"]
[Date "2025.02.11"]
[Round "9"]
[White "Andreikin, Dmitry"]
[Black "Svane, Rasmus"]
[Result "1-0"]
[WhiteElo "2695"]
[BlackElo "2621"]
[PlyCount "73"]
[EventDate "2025.02.11"]
[EventType "swiss (blitz)"]
[EventRounds "11"]
[EventCountry "USA"]
[SourceTitle "CB09_2025"]
[SourceDate "2025.02.27"]
[SourceVersion "1"]
[SourceVersionDate "2025.02.27"]
[SourceQuality "1"]

1. d4 Nf6 2. c4 e6 3. Nf3 d5 4. Bg5 h6 5. Bxf6 Qxf6 6. e3 c6 7. Qc2 Bb4+ 8. Nbd2 0-0 9. Bd3 dxc4 10. Bxc4 Bxd2+ 11. Nxd2 e5 12. dxe5 Qxe5 13. 0-0 Nd7 14. Rae1 Qe7 15. f4 Nb6 16. f5 Nxc4 17. Qxc4 Qe5 18. f6 Be6 19. Qh4 Qg5 20. Qxg5 hxg5 21. Ne4 Bxa2 22. Rf5 Bd5 23. Nxg5 gxf6 24. Rxf6 Rae8 25. e4 Re5 26. h4 Rfe8 27. Ref1 Bxe4 28. Rxf7 Bd5 29. Rxb7 R8e7 30. Rb8+ Kg7 31. Rf4 Re2 32. Rg4 Kf6 33. Rf8+ Ke5 34. h5 Be6 35. Rg3 Bd5 36. h6 Re1+ 37. Kh2 1-0

[Event "Titled Tuesday intern op 11th Feb Early"]
[Site "Chess.com INT"]
[Date "2025.02.11"]
[Round "2"]
[White "Skatchkov, Pavel"]
[Black "Andreikin, Dmitry"]
[Result "0-1"]
[WhiteElo "2457"]
[BlackElo "2695"]
[PlyCount "55"]
[EventDate "2025.02.11"]
[EventType "swiss (blitz)"]
[EventRounds "11"]
[EventCountry "USA"]
[SourceTitle "CB08_2025"]
[SourceDate "2025.02.19"]
[SourceVersion "1"]
[SourceVersionDate "2025.02.19"]
[SourceQuality "1"]

1. d4 Nf6 2. c4 e6 3. Nf3 b6 4. g3 Bb7 5. Bg2 Bb4+ 6. Bd2 a5 7. 0-0 0-0 8. Bf4 Be7 9. Nc3 Ne4 10. Nb5 Na6 11. Qc2 Nf6 12. Nc3 Nb4 13. Qb1 c5 14. d5 exd5 15. a3 d4 16. axb4 dxc3 17. bxa5 Be4 18. Qc1 cxb2 19. Qxb2 bxa5 20. Ra3 d6 21. Rfa1 Qc7 22. Qc3 Rfb8 23. Rxa5 Rxa5 24. Qxa5 Rb1+ 25. Bf1 Qxa5 26. Rxa5 h6 27. Ra7 Bf8 28. Ra8 0-1

[Event "Titled Tuesday intern op 04th Feb Early"]
[Site "Chess.com INT"]
[Date "2025.02.04"]
[Round "9"]
[White "Casiguran, Phil Martin"]
[Black "Andreikin, Dmitry"]
[Result "0-1"]
[WhiteElo "2116"]
[BlackElo "2695"]
[PlyCount "56"]
[EventDate "2025.02.04"]
[EventType "swiss (blitz)"]
[EventRounds "11"]
[EventCountry "USA"]
[SourceTitle "CB07_2025"]
[SourceDate "2025.02.12"]
[SourceVersion "1"]
[SourceVersionDate "2025.02.12"]
[SourceQuality "1"]

1. e4 Nc6 2. Nc3 Nf6 3. Bc4 Nxe4 4. Bxf7+ Kxf7 5. Nxe4 d5 6. Ng3 e5 7. d3 Bd6 8. c4 Be6 9. Qf3+ Ke8 10. Nh5 Qe7 11. Qg3 Rg8 12. cxd5 Bxd5 13. Ne2 g6 14. Bg5 gxh5 15. Bxe7 Rxg3 16. hxg3 Bxe7 17. Rxh5 Bxg2 18. Rxh7 Rd8 19. Rh8+ Bf8 20. 0-0-0 Bf3 21. Rd2 Kf7 22. Nc3 Kg6 23. Kb1 e4 24. d4 Kg7 25. Rh4 Be7 26. Rh3 Bg5 27. Rc2 Nxd4 28. a3 Nxc2 0-1

[Event "Titled Tuesday intern op 04th Feb Early"]
[Site "Chess.com INT"]
[Date "2025.02.04"]
[Round "3"]
[White "Haddouche, Mohamed Amine"]
[Black "Andreikin, Dmitry"]
[Result "0-1"]
[WhiteElo "2490"]
[BlackElo "2695"]
[PlyCount "78"]
[EventDate "2025.02.04"]
[EventType "swiss (blitz)"]
[EventRounds "11"]
[EventCountry "USA"]
[SourceTitle "CB07_2025"]
[SourceDate "2025.02.12"]
[SourceVersion "1"]
[SourceVersionDate "2025.02.12"]
[SourceQuality "1"]

1. e4 c5 2. Nf3 Nc6 3. Bb5 Nf6 4. e5 Ng4 5. Bxc6 dxc6 6. 0-0 g6 7. Re1 Bg7 8. d3 0-0 9. Nc3 Nh6 10. h3 Nf5 11. Bf4 Nd4 12. Nxd4 cxd4 13. Ne4 b6 14. Qd2 c5 15. Bh6 Bb7 16. Ng3 Qd5 17. Re4 Bxe5 18. Bxf8 Rxf8 19. f4 Bd6 20. Rae1 Qxa2 21. b3 Bxe4 22. Nxe4 Qa5 23. Qf2 Bxf4 24. b4 Qxb4 25. c3 dxc3 26. Qxf4 f5 27. Rf1 c2 28. Kh1 c1Q 29. Qxc1 fxe4 30. Rxf8+ Kxf8 31. Qf4+ Ke8 32. Qb8+ Kf7 33. Qf4+ Ke6 34. dxe4 Qd4 35. Qg4+ Kd6 36. Qh4 Qa1+ 37. Kh2 Qe5+ 38. Kh1 c4 39. Qxh7 Qxe4 0-1

[Event "Titled Tuesday intern op 28th Jan Early"]
[Site "Chess.com INT"]
[Date "2025.01.28"]
[Round "7"]
[White "Andreikin, Dmitry"]
[Black "Medhus, Vitus Bondo"]
[Result "0-1"]
[WhiteElo "2695"]
[BlackElo "2286"]
[PlyCount "106"]
[EventDate "2025.01.28"]
[EventType "swiss (blitz)"]
[EventRounds "11"]
[EventCountry "USA"]
[SourceTitle "CB06_2025"]
[SourceDate "2025.02.05"]
[SourceVersion "1"]
[SourceVersionDate "2025.02.05"]
[SourceQuality "1"]

1. e4 c6 2. Nc3 d5 3. Nf3 e6 4. d4 Nf6 5. Bd3 dxe4 6. Nxe4 Nbd7 7. c3 Nxe4 8. Bxe4 Nf6 9. Bc2 Bd6 10. Bg5 h6 11. Bh4 Qb6 12. Rb1 Bd7 13. Ne5 Bxe5 14. dxe5 Nd5 15. 0-0 g5 16. Bg3 0-0-0 17. c4 Ne7 18. Qd6 Ng6 19. c5 Qa5 20. b4 Qc7 21. f4 gxf4 22. Bxf4 Be8 23. Bxg6 fxg6 24. Qxe6+ Qd7 25. Qf6 Qd4+ 26. Kh1 Rh7 27. Bg3 Rf7 28. Qe6+ Rfd7 29. b5 Qd5 30. Qh3 cxb5 31. Rbd1 Qc6 32. Rd6 Qxc5 33. Rfd1 Qc2 34. Rg1 b6 35. Qe6 Qc4 36. Qh3 Kb7 37. Qxh6 Rxd6 38. exd6 Bc6 39. Qg7+ Rd7 40. Qxg6 Qxa2 41. Qg4 Rf7 42. Qd1 a5 43. Bh4 Rg7 44. Qf1 Qc4 45. Be7 Qxf1 46. Rxf1 Bxg2+ 47. Kg1 Bxf1+ 48. Kxf1 Kc6 49. h4 Rh7 50. Ke2 a4 51. Kd3 Kd7 52. Kc3 Rxe7 53. dxe7 Kxe7 0-1

[Event "Titled Tuesday intern op 28th Jan Early"]
[Site "Chess.com INT"]
[Date "2025.01.28"]
[Round "2"]
[White "Szustakowski, Antoni"]
[Black "Andreikin, Dmitry"]
[Result "0-1"]
[WhiteElo "2356"]
[BlackElo "2695"]
[PlyCount "54"]
[EventDate "2025.01.28"]
[EventType "swiss (blitz)"]
[EventRounds "11"]
[EventCountry "USA"]
[SourceTitle "CB06_2025"]
[SourceDate "2025.02.05"]
[SourceVersion "1"]
[SourceVersionDate "2025.02.05"]
[SourceQuality "1"]

1. e4 c5 2. Nf3 Nc6 3. Bb5 e6 4. Bxc6 bxc6 5. b3 Ne7 6. Bb2 f6 7. e5 Ng6 8. h4 d6 9. exd6 h5 10. Na3 Bxd6 11. Nc4 e5 12. Qe2 Nf4 13. Qf1 e4 14. Ng1 Bg4 15. Ne3 Be5 16. Bxe5 fxe5 17. Nxg4 hxg4 18. g3 Qd4 19. Rd1 Nd5 20. Ne2 Qb2 21. Qg2 Qxc2 22. 0-0 0-0 23. Rc1 Qd3 24. Rfe1 Rf3 25. Rxc5 Raf8 26. Nc1 Qxd2 27. Rf1 Ne3 0-1

[Event "Titled Tuesday intern op 14th Jan Early"]
[Site "Chess.com INT"]
[Date "2025.01.14"]
[Round "4"]
[White "Andreikin, Dmitry"]
[Black "Concio, Michael Jr"]
[Result "1/2-1/2"]
[WhiteElo "2695"]
[BlackElo "2371"]
[PlyCount "161"]
[EventDate "2025.01.14"]
[EventType "swiss (blitz)"]
[EventRounds "11"]
[EventCountry "USA"]
[SourceTitle "CB04_2025"]
[SourceDate "2025.01.22"]
[SourceVersion "1"]
[SourceVersionDate "2025.01.22"]
[SourceQuality "1"]

1. e4 e5 2. Nf3 Nc6 3. Bc4 Be7 4. 0-0 Nf6 5. d3 0-0 6. Nc3 h6 7. a3 d6 8. h3 Nh7 9. d4 Ng5 10. Nxg5 Bxg5 11. f4 exf4 12. Bxf4 Bxf4 13. Rxf4 Qg5 14. Rf3 Be6 15. Nd5 Bxd5 16. Bxd5 Ne7 17. Bb3 d5 18. Qd3 Rad8 19. Raf1 c6 20. c3 Qg6 21. Rf4 dxe4 22. Rxe4 Nd5 23. Bc2 Nf6 24. Re7 Qxd3 25. Bxd3 Rd7 26. Re5 Re8 27. Ref5 Rde7 28. Bc4 Rd8 29. g4 Nd5 30. R5f3 f6 31. Kf2 Rde8 32. Rf5 Kh7 33. Bd3 Kh8 34. Rf3 b5 35. h4 Re3 36. Bg6 Rxf3+ 37. Kxf3 Re3+ 38. Kf2 Re7 39. h5 Kg8 40. Re1 Rxe1 41. Kxe1 Kf8 42. Kf2 Ke7 43. Kf3 Kd6 44. Be4 Nb6 45. Kf4 Nc8 46. b3 Ne7 47. c4 bxc4 48. bxc4 c5 49. Ke3 Nc8 50. Bf3 Nb6 51. Be2 Nd7 52. Ke4 Nf8 53. d5 Nd7 54. Kf5 Ne5 55. Kf4 Nd7 56. Ke4 Ne5 57. Kf5 Ke7 58. Ke4 Nf7 59. Kf5 Nd6+ 60. Kg6 Kf8 61. Bd3 Nf7 62. Kf5 Ke7 63. Kg6 Kf8 64. Be2 Nd6 65. Bf1 a5 66. Bd3 Kg8 67. Be2 Kf8 68. Bf1 Kg8 69. Bd3 Kf8 70. Be2 Kg8 71. Bd3 Kf8 72. Kh7 Nf7 73. Be2 Nd6 74. Kh8 Nf7+ 75. Kh7 Nd6 76. Kg6 Kg8 77. Bf1 Kf8 78. Bd3 Kg8 79. Be2 Kf8 80. Bf1 Kg8 81. Be2 1/2-1/2

[Event "Titled Tuesday intern op 14th Jan Early"]
[Site "Chess.com INT"]
[Date "2025.01.14"]
[Round "8"]
[White "Andreikin, Dmitry"]
[Black "Saydaliev, Saidakbar"]
[Result "1-0"]
[WhiteElo "2695"]
[BlackElo "2462"]
[PlyCount "47"]
[EventDate "2025.01.14"]
[EventType "swiss (blitz)"]
[EventRounds "11"]
[EventCountry "USA"]
[SourceTitle "CB04_2025"]
[SourceDate "2025.01.22"]
[SourceVersion "1"]
[SourceVersionDate "2025.01.22"]
[SourceQuality "1"]

1. d4 Nf6 2. c4 e6 3. Nf3 d5 4. Bg5 h6 5. Bxf6 Qxf6 6. e3 Bb4+ 7. Nbd2 0-0 8. a3 Bxd2+ 9. Qxd2 b6 10. Rc1 Bb7 11. cxd5 Bxd5 12. Rxc7 Nc6 13. Bb5 Rac8 14. Rxc8 Rxc8 15. Be2 Na5 16. 0-0 Nb3 17. Qb4 Rc2 18. Bd3 Bxf3 19. Bxc2 Qg5 20. g3 Qg4 21. Qe7 g6 22. Qh4 Nd2 23. Qxg4 Bxg4 24. Rc1 1-0

[Event "Titled Tuesday intern op 07th Jan Early"]
[Site "Chess.com INT"]
[Date "2025.01.07"]
[Round "7"]
[White "Andreikin, Dmitry"]
[Black "Ilamparthi, AR."]
[Result "0-1"]
[WhiteElo "2695"]
[BlackElo "2495"]
[PlyCount "60"]
[EventDate "2025.01.07"]
[EventType "swiss (blitz)"]
[EventRounds "11"]
[EventCountry "USA"]
[SourceTitle "CB03_2025"]
[SourceDate "2025.01.15"]
[SourceVersion "1"]
[SourceVersionDate "2025.01.15"]
[SourceQuality "1"]

1. d4 Nf6 2. c4 g6 3. Nf3 Bg7 4. b4 0-0 5. e3 d6 6. Bb2 Nbd7 7. Nc3 e5 8. Be2 Re8 9. 0-0 e4 10. Nd2 Nf8 11. b5 h5 12. a4 h4 13. a5 h3 14. g3 a6 15. Qc2 Bf5 16. Rfc1 N8h7 17. bxa6 bxa6 18. Nd5 Nxd5 19. cxd5 Ra7 20. Rab1 Nf6 21. Qb3 Qd7 22. Rc6 Bg4 23. Rxa6 Bxe2 24. Rxa7 Qf5 25. Qc2 Ng4 26. f4 exf3 27. Qxf5 gxf5 28. Rxc7 f2+ 29. Kh1 Rxe3 30. Rcc1 Rd3 0-1

[Event "Titled Tuesday intern op 07th Jan Early"]
[Site "Chess.com INT"]
[Date "2025.01.07"]
[Round "1"]
[White "Andreikin, Dmitry"]
[Black "Matyunin, Maxim"]
[Result "1-0"]
[WhiteElo "2695"]
[BlackElo "2099"]
[PlyCount "87"]
[EventDate "2025.01.07"]
[EventType "swiss (blitz)"]
[EventRounds "11"]
[EventCountry "USA"]
[SourceTitle "CB03_2025"]
[SourceDate "2025.01.15"]
[SourceVersion "1"]
[SourceVersionDate "2025.01.15"]
[SourceQuality "1"]

1. d4 e6 2. Nf3 d5 3. Bf4 Bd6 4. e3 f5 5. c4 Nf6 6. Nc3 0-0 7. Bd3 Bxf4 8. exf4 c6 9. 0-0 Bd7 10. Re1 Ne4 11. Ne5 Be8 12. Qb3 Nd7 13. cxd5 cxd5 14. Nxd7 Qxd7 15. Rac1 b6 16. Nb1 Bh5 17. f3 Nd6 18. Nd2 Rac8 19. Qb4 Rxc1 20. Rxc1 Rc8 21. Rxc8+ Nxc8 22. Nb1 Qc7 23. Qc3 Qxc3 24. Nxc3 Nd6 25. Kf2 Be8 26. Ke3 Kf7 27. Nd1 h6 28. Nf2 g5 29. fxg5 hxg5 30. f4 gxf4+ 31. Kxf4 Kf6 32. g4 fxg4 33. Nxg4+ Ke7 34. h4 Bb5 35. Bg6 Be2 36. Ne5 Kf6 37. h5 Nc4 38. Nd7+ Kg7 39. Kg5 e5 40. h6+ Kh8 41. Nxe5 Nd6 42. Kf6 Bc4 43. b3 Bb5 44. Ke7 1-0

[Event "Titled Tuesday intern op 07th Jan Early"]
[Site "Chess.com INT"]
[Date "2025.01.07"]
[Round "10"]
[White "Andreikin, Dmitry"]
[Black "Onyshchuk, Volodymyr"]
[Result "1-0"]
[WhiteElo "2695"]
[BlackElo "2610"]
[PlyCount "75"]
[EventDate "2025.01.07"]
[EventType "swiss (blitz)"]
[EventRounds "11"]
[EventCountry "USA"]
[SourceTitle "CB03_2025"]
[SourceDate "2025.01.15"]
[SourceVersion "1"]
[SourceVersionDate "2025.01.15"]
[SourceQuality "1"]

1. d4 d6 2. Nf3 g6 3. e4 Bg7 4. Bc4 a6 5. 0-0 e6 6. c3 Ne7 7. Re1 b6 8. Bd3 Bb7 9. Nbd2 Nd7 10. Nf1 h6 11. Ng3 0-0 12. Be3 c5 13. Qd2 Kh7 14. Rad1 Qc7 15. Bb1 Rad8 16. h4 e5 17. d5 Nf6 18. h5 Ng4 19. c4 Bc8 20. Kf1 Nxe3+ 21. Qxe3 Bg4 22. Ke2 gxh5 23. Rh1 Ng6 24. Nf5 Nf4+ 25. Kf1 Rg8 26. g3 Ng6 27. Ng5+ hxg5 28. Qxg5 Rh8 29. Qxg4 Kg8 30. Rxh5 Rxh5 31. Qxh5 b5 32. Bd3 Qa5 33. Kg2 Qxa2 34. Rh1 Bf6 35. cxb5 c4 36. Be2 axb5 37. Qh7+ Kf8 38. Bh5 1-0

[Event "Titled Tuesday intern op 07th Jan Early"]
[Site "Chess.com INT"]
[Date "2025.01.07"]
[Round "6"]
[White "Levitsky, Andrey"]
[Black "Andreikin, Dmitry"]
[Result "0-1"]
[WhiteElo "2274"]
[BlackElo "2695"]
[PlyCount "102"]
[EventDate "2025.01.07"]
[EventType "swiss (blitz)"]
[EventRounds "11"]
[EventCountry "USA"]
[SourceTitle "CB03_2025"]
[SourceDate "2025.01.15"]
[SourceVersion "1"]
[SourceVersionDate "2025.01.15"]
[SourceQuality "1"]

1. e4 c5 2. Nf3 e6 3. d4 cxd4 4. Nxd4 Nc6 5. Nc3 a6 6. g3 Qc7 7. Bg2 Nf6 8. 0-0 Nxd4 9. Qxd4 Bc5 10. Bf4 d6 11. Qd2 h6 12. Rad1 e5 13. Be3 Bxe3 14. fxe3 Be6 15. Qxd6 Rc8 16. Rf2 h5 17. Qxc7 Rxc7 18. Nd5 Rc6 19. Nxf6+ gxf6 20. a3 Ke7 21. c3 h4 22. Bf1 hxg3 23. hxg3 Rg8 24. Kg2 Rcc8 25. Be2 Rg7 26. Rh1 Rcg8 27. g4 Bxg4 28. Bxg4 Rxg4+ 29. Kf3 Rg3+ 30. Ke2 R8g4 31. Kd3 Rg8 32. Rh6 R3g6 33. Rh1 Rd8+ 34. Ke2 Rg4 35. Rhf1 Rd6 36. Rf3 Rxe4 37. Rg1 Rh4 38. Rf2 a5 39. b4 a4 40. Rg8 Rc4 41. Rb8 Rd7 42. Rh2 Rxc3 43. Rhh8 Rxa3 44. Rhe8+ Kd6 45. Rec8 Rb3 46. Rc4 a3 47. Ra8 Ke6 48. Kf3 f5 49. Ra5 f4 50. Rcc5 Rxe3+ 51. Kg4 f6 0-1

[Event "Titled Tuesday intern op 07th Jan Early"]
[Site "Chess.com INT"]
[Date "2025.01.07"]
[Round "8"]
[White "Schnaider, Ilan"]
[Black "Andreikin, Dmitry"]
[Result "0-1"]
[WhiteElo "2392"]
[BlackElo "2695"]
[PlyCount "92"]
[EventDate "2025.01.07"]
[EventType "swiss (blitz)"]
[EventRounds "11"]
[EventCountry "USA"]
[SourceTitle "CB03_2025"]
[SourceDate "2025.01.15"]
[SourceVersion "1"]
[SourceVersionDate "2025.01.15"]
[SourceQuality "1"]

1. d4 Nf6 2. Nc3 e6 3. e4 d5 4. Bg5 dxe4 5. Nxe4 Be7 6. Nxf6+ Bxf6 7. Bxf6 Qxf6 8. Nf3 0-0 9. Qd3 Nc6 10. 0-0-0 e5 11. dxe5 Nxe5 12. Nxe5 Qxe5 13. Qg3 Qa5 14. Bc4 Qc5 15. Bb3 a5 16. a4 b5 17. Rd5 Qe7 18. Rxb5 Re8 19. Rd1 g6 20. Kb1 Ra6 21. Qc3 Qe2 22. Rd3 Qxf2 23. Rf3 Qe1+ 24. Ka2 Qxc3 25. Rxc3 c6 26. Rb8 Kf8 27. Bc4 Ra7 28. b3 f5 29. h4 Bd7 30. Rxe8+ Bxe8 31. Bd3 Ke7 32. Kb2 Kd6 33. Rc4 c5 34. g4 Bf7 35. Rf4 Ke5 36. Rf2 fxg4 37. Re2+ Kf4 38. Re4+ Kg3 39. Be2 h5 40. Re5 Kf2 41. Bd3 g3 42. Rg5 g2 43. Re5 g1Q 44. Re2+ Kg3 45. Rd2 Kxh4 46. c3 Qe3 0-1

[Event "Titled Tuesday intern op 07th Jan Early"]
[Site "Chess.com INT"]
[Date "2025.01.07"]
[Round "2"]
[White "Tran, Vo Quoc Bao"]
[Black "Andreikin, Dmitry"]
[Result "1/2-1/2"]
[WhiteElo "2029"]
[BlackElo "2695"]
[PlyCount "59"]
[EventDate "2025.01.07"]
[EventType "swiss (blitz)"]
[EventRounds "11"]
[EventCountry "USA"]
[SourceTitle "CB03_2025"]
[SourceDate "2025.01.15"]
[SourceVersion "1"]
[SourceVersionDate "2025.01.15"]
[SourceQuality "1"]

1. e4 c5 2. Nf3 e6 3. c4 Nc6 4. d4 cxd4 5. Nxd4 Nf6 6. Nc3 Bb4 7. Nxc6 bxc6 8. Bd3 e5 9. 0-0 0-0 10. Qc2 Bc5 11. Bd2 d6 12. Rad1 Bg4 13. Be2 Be6 14. b3 Bd4 15. Bf3 h6 16. Ne2 c5 17. Nc3 Ng4 18. h3 f5 19. Ne2 Bxf2+ 20. Rxf2 Nxf2 21. Kxf2 g5 22. Kg1 g4 23. exf5 gxf3 24. fxe6 fxe2 25. Qg6+ Kh8 26. Qxh6+ Kg8 27. Qg6+ Kh8 28. Qh6+ Kg8 29. Qg6+ Kh8 30. Qh6+ 1/2-1/2